000 01207nam a2200373 4500
999 _c8526
_d8526
001 8526
003 BD - JhCC
005 20180919123652.0
008 840412s1985 nyua b 001 0 eng
020 _a082477227X
035 _aMITb10247057
_a(BD - JhCC)8526
035 _a(OCoLC)10724823
035 _aGLIS00247057
040 _aDLC
_cDLC
_dMYG
_dBD - JhCC
041 _aeng
050 0 _aQA276
_b.B425 1985
082 _bBET 1985
_a519.5
099 _aQA276.B425 1985
100 1 _aBethea, Robert M.
245 1 0 _aStatistical methods for engineers and scientists /
_cRobert M. Bethea, Benjamin S. Duran, Thomas L. Boullion.
250 _a2nd ed., rev. and expanded.
260 _aNew York :
_bM. Dekker,
_cc1985.
300 _axxv, 698 p. :
_bill. ;
_c24 cm.
490 1 _aStatistics, textbooks and monographs ;
_vv. 57
504 _aIncludes bibliographies and index.
650 0 _aMathematical statistics.
650 0 _aProbabilities.
700 1 _aDuran, Benjamin S.,
_d1939-
700 1 _aBoullion, Thomas L.
830 0 _aStatistics, textbooks and monographs ;
_vv. 57.
942 _2ddc
_cBK
949 _aMYGE
_b39080003226559